Stany USA po trzech słowach - Statystyki

Ogólne statystyki
  • Ten quiz został rozwiązany 29 razy
  • Średni wynik to 11 z 13
Statystyki odpowiedzi
Hint Odpowiedź % Poprawnych
Hollywood, plaże, Dolina Krzemowa Kalifornia
100%
śnieg, niedźwiedzie, lodowce Alaska
96%
Manhattan, drapacze chmur, Wall Street Nowy Jork
96%
kowboje, ropa, wielkość Teksas
92%
Miami, palmy, Disney Floryda
88%
wulkany, surfing, hibiskus Hawaje
80%
KFC, Bourbon, wyścigi konne Kentucky
76%
Góry Skaliste, narty, Aspen Kolorado
76%
Wielki Kanion Kolorado, pustynia, kaktusy Arizona
72%
Chicago, Polonia, Mcdonald Illinois
72%
Nowy Orlean, jazz, bagna Luizjana
72%
Las Vegas, kasyna, pustynia Nevada
72%
Atlanta, brzoskwinie, Coca-Cola Georgia
60%
Nie znaleziono quizów pasujących do podanych kryteriów
Rozkład punktacji
Procent ludzi z każdym wynikiem
Percentyl według liczby udzielonych odpowiedzi
Twoja historia wyników
Nie rozwiązałeś tego quizu